El puente Halcon : (Registro nro. 36590)
[ vista simple ]
| 000 -CABECERA | |
|---|---|
| campo de control de longitud fija | 01251cas a2200325 i 4500 |
| 001 - NÚMERO DE CONTROL | |
| campo de control | 000037100 |
| 003 - IDENTIFICADOR DEL NÚMERO DE CONTROL | |
| campo de control | DO-SdBNP |
| 005 - FECHA Y HORA DE LA ÚLTIMA TRANSACCIÓN | |
| campo de control | 20260318140114.0 |
| 007 - CAMPO FIJO DE DESCRIPCIÓN FÍSICA--INFORMACIÓN GENERAL | |
| campo de control de longitud fija | ta |
| 008 - DATOS DE LONGITUD FIJA--INFORMACIÓN GENERAL | |
| campo de control de longitud fija | 120213c2003 dr tr1p|r| || |0spa d |
| 040 ## - FUENTE DE LA CATALOGACIÓN | |
| Centro catalogador/agencia de origen | DO-SdBNP |
| Lengua de catalogación | spa |
| Centro/agencia transcriptor | BNPHU |
| Normas de descripción | rda |
| 041 ## - CÓDIGO DE LENGUA | |
| Código de lengua original | spa |
| 110 ## - ENTRADA PRINCIPAL--NOMBRE DE ENTIDAD CORPORATIVA | |
| Nombre de entidad corporativa o nombre de jurisdicción como elemento de entrada | Falconbridge Dominicana |
| 9 (RLIN) | 10755 |
| 245 01 - MENCIÓN DE TÍTULO | |
| Título | El puente Halcon : |
| Resto del título | boletín de la falconbridge dominicana. |
| 264 ## - PRODUCCIÓN, PUBLICACIÓN, DISTRIBUCIÓN, FABRICACIÓN Y COPYRIGHT | |
| Producción, publicación, distribución, fabricación y copyright | Bonao, República Dominicana : |
| Nombre del de productor, editor, distribuidor, fabricante | Fanconbridge Dominicana, |
| Fecha de producción, publicación, distribución, fabricación o copyright | 2003. |
| 300 ## - DESCRIPCIÓN FÍSICA | |
| Extensión | volumen : |
| Otras características físicas | ilustraciones, fotografías ; |
| Dimensiones | 28 cm. |
| 310 ## - PERIODICIDAD ACTUAL | |
| Periodicidad actual | Cuatrimestral. |
| 336 ## - TIPO DE CONTENIDO | |
| Término de tipo de contenido | texto |
| Código de tipo de contenido | txt |
| Fuente | rdacontent |
| 337 ## - TIPO DE MEDIO | |
| Nombre/término del tipo de medio | sin mediación |
| Código del tipo de medio | n |
| Fuente | rdamedia |
| 338 ## - TIPO DE SOPORTE | |
| Nombre/término del tipo de soporte | volumen |
| Código del tipo de soporte | nc |
| Fuente | rdacarrier |
| 362 1# - FECHAS DE PUBLICACIÓN Y/O DESIGNACIÓN SECUENCIAL | |
| Fecha de publicación y/o designación secuencial | No. 8 (julio-septiembre 2003). |
| 500 ## - NOTA GENERAL | |
| Nota general | 50 Aniversario. |
| 500 ## - NOTA GENERAL | |
| Nota general | Catalogación basada en el no. 8 (enero-septiembre 2005). |
| 500 ## - NOTA GENERAL | |
| Nota general | Publicación de Falconbridge Dominicana. |
| 500 ## - NOTA GENERAL | |
| Nota general | Catalogación basada en el: (julio-septiembre 2003). |
| 610 #0 - PUNTO DE ACCESO ADICIONAL DE MATERIA--NOMBRE DE ENTIDAD CORPORATIVA | |
| Nombre de entidad corporativa o nombre de jurisdicción como elemento de entrada | Falconbridge Dominicana |
| 9 (RLIN) | 10755 |
| Subdivisión de forma | Publicaciones periódicas |
| 650 #0 - PUNTO DE ACCESO ADICIONAL DE MATERIA--TÉRMINO DE MATERIA | |
| Término de materia o nombre geográfico como elemento de entrada | Minería |
| 9 (RLIN) | 89239 |
| Subdivisión de forma | Publicaciones periódicas |
| Subdivisión geográfica | República Dominicana |
| 650 #0 - PUNTO DE ACCESO ADICIONAL DE MATERIA--TÉRMINO DE MATERIA | |
| Término de materia o nombre geográfico como elemento de entrada | Empresas internacionales |
| 9 (RLIN) | 47948 |
| Subdivisión de forma | Publicaciones periódicas |
| Subdivisión geográfica | República Dominicana |
| 942 ## - ELEMENTOS DE PUNTO DE ACCESO ADICIONAL (KOHA) | |
| Fuente del sistema de clasificación o colocación | Dewey Decimal Classification |
| Tipo de ítem Koha | Publicación periódica |
| Estado de retiro | Estado de pérdida | Fuente del sistema de clasificación o colocación | Estado dañado | Restricciones de uso | No para préstamo | Código de colección | Localización permanente | Ubicación/localización actual | Fecha de adquisición | Fuente de adquisición | Enumeración/cronología de publicación seriada | Número de inventario | Total de préstamos | Signatura topográfica completa | Código de barras | Fecha visto por última vez | Número de copia | Precio válido a partir de | Tipo de ítem Koha | Nota pública |
|---|---|---|---|---|---|---|---|---|---|---|---|---|---|---|---|---|---|---|---|---|
| Dewey Decimal Classification | Préstamo en sala | Hemeroteca | Biblioteca Nacional Pedro Henríquez Ureña | Biblioteca Nacional Pedro Henríquez Ureña | 18.03.2026 | Julio-septiembre, 2003 | 2026-2363 | 18.03.2026 | e.1 | 18.03.2026 | Publicación periódica | Reconocimiento, Años de Servicio. | ||||||||
| Dewey Decimal Classification | Préstamo en sala | Hemeroteca | Biblioteca Nacional Pedro Henríquez Ureña | Biblioteca Nacional Pedro Henríquez Ureña | 18.03.2026 | Julio-septiembre, 2003 | 2026-2364 | 18.03.2026 | e.2 | 18.03.2026 | Publicación periódica | Reconocimiento, Años de Servicio. | ||||||||
| Dewey Decimal Classification | Préstamo en sala | Hemeroteca | Biblioteca Nacional Pedro Henríquez Ureña | Biblioteca Nacional Pedro Henríquez Ureña | 18.03.2026 | no. 2. eneroo-marzo, 2004 | 2026-2365 | 18.03.2026 | e.1 | 18.03.2026 | Publicación periódica | Otro, Año en el que seguimos trabajando. | ||||||||
| Dewey Decimal Classification | Préstamo en sala | Hemeroteca | Biblioteca Nacional Pedro Henríquez Ureña | Biblioteca Nacional Pedro Henríquez Ureña | 18.03.2026 | No. 2. eneroo-marzo, 2004 | 2026-2366 | 18.03.2026 | e.2 | 18.03.2026 | Publicación periódica | Otro, Año en el que seguimos trabajando. | ||||||||
| Dewey Decimal Classification | Préstamo en sala | Hemeroteca | Biblioteca Nacional Pedro Henríquez Ureña | Biblioteca Nacional Pedro Henríquez Ureña | 18.03.2026 | No. 3. abril-junio, 2004 | 2026-2367 | 18.03.2026 | e.1 | 18.03.2026 | Publicación periódica | Sembrando el futuro. | ||||||||
| Dewey Decimal Classification | Préstamo en sala | Hemeroteca | Biblioteca Nacional Pedro Henríquez Ureña | Biblioteca Nacional Pedro Henríquez Ureña | 18.03.2026 | No. 3. abril-junio, 2004 | 2026-2368 | 18.03.2026 | e.2 | 18.03.2026 | Publicación periódica | Sembrando el futuro. | ||||||||
| Dewey Decimal Classification | Préstamo en sala | Hemeroteca | Biblioteca Nacional Pedro Henríquez Ureña | Biblioteca Nacional Pedro Henríquez Ureña | 18.03.2026 | No. 3. abril-junio, 2004 | 2026-2369 | 18.03.2026 | e.3 | 18.03.2026 | Publicación periódica | Sembrando el futuro. | ||||||||
| Dewey Decimal Classification | Préstamo en sala | Hemeroteca | Biblioteca Nacional Pedro Henríquez Ureña | Biblioteca Nacional Pedro Henríquez Ureña | 18.03.2026 | No. 4. junio-septiembre, 2004 | 2026-2370 | 18.03.2026 | e.1 | 18.03.2026 | Publicación periódica | Nuevos pasos de avance. | ||||||||
| Dewey Decimal Classification | Préstamo en sala | Hemeroteca | Biblioteca Nacional Pedro Henríquez Ureña | Biblioteca Nacional Pedro Henríquez Ureña | 18.03.2026 | No. 4. junio-septiembre, 2004 | 2026-2371 | 18.03.2026 | e.2 | 18.03.2026 | Publicación periódica | Nuevos pasos de avance. | ||||||||
| Dewey Decimal Classification | Préstamo en sala | Hemeroteca | Biblioteca Nacional Pedro Henríquez Ureña | Biblioteca Nacional Pedro Henríquez Ureña | 18.03.2026 | No. 12. noviembre-febrero, 2007 | 2026-2372 | 18.03.2026 | e.1 | 18.03.2026 | Publicación periódica | Un compromiso que nos llena de pasión. | ||||||||
| Dewey Decimal Classification | Préstamo en sala | Hemeroteca | Patrimonio Dominicano | Patrimonio Dominicano | 11.04.2012 | 4 | No. 13: 2007 marz..-jun..) | 201204112007070620110828 | 37100-13-1 | 08.08.2020 | e.1 | 08.08.2020 | Publicación periódica | Edición especial: 25 aniversario | ||||||
| Dewey Decimal Classification | Préstamo en sala | Hemeroteca | Patrimonio Dominicano | Patrimonio Dominicano | 11.04.2012 | 4 | No. 8 (2005 Jul.-sept.) | 201204112012041120111028 | 37100-8-1 | 08.08.2020 | e.1 | 08.08.2020 | Publicación periódica | Edición especial: 25 aniversario. | ||||||
| Dewey Decimal Classification | Préstamo en sala | Hemeroteca | Patrimonio Dominicano | Patrimonio Dominicano | 11.04.2012 | 4 | No. 8 (2005 Jul.-sept.) | 2012041120120411 | 37100-8-2 | 08.08.2020 | e.2 | 08.08.2020 | Publicación periódica | Edición especial: 25 aniversario. |
